| LEADER | 00882nam a2200253 u 4500 | ||
|---|---|---|---|
| 001 | 10106532 | ||
| 003 | upatras | ||
| 005 | 20210117204302.0 | ||
| 008 | 020605s gre | ||
| 020 | |a 3 540 41476 2 | ||
| 040 | |a Βιβλιοθήκη ΕΑΙΤΥ |c Βιβλιοθήκη ΕΑΙΤΥ | ||
| 040 | |a XX-XxUND |c Βιβλιοθήκη ΕΑΙΤΥ | ||
| 245 | 1 | 0 | |a Temporal GIS |b Advanced Functions for Field - Based Applications |c G. Christakos, P. Bogaert, M.Serre |
| 260 | |b Springer | ||
| 300 | |e cd-rom | ||
| 500 | |a ΕΜ 3/ Ένι Αγουρίδη | ||
| 650 | 4 | |a ΕΜ3 |9 122124 | |
| 700 | 1 | |a Christakos, G. |4 aut |9 126774 | |
| 700 | 1 | |a Bogaert, P. |4 aut |9 126775 | |
| 700 | 1 | |a Serre, M. |4 aut |9 126776 | |
| 852 | |a GR-PaULI |b ΠΑΤΡΑ |b ΤΜΗΥΠ |t 1 | ||
| 942 | |2 ddc | ||
| 952 | |0 0 |1 0 |4 0 |7 0 |9 140799 |a CEID |b CEID |d 2016-04-24 |l 0 |r 2016-04-24 00:00:00 |t 1 |w 2016-04-24 | ||
| 999 | |c 92100 |d 92100 | ||